Vývoj zemědělského pojištění v ČR a SR do roku 1993

Historický pohľad na poisťovníctvo ako organizovanú ekonomickú činnosť. Poisťovanie hospodárskych zvierat v Česku. Dobrovoľné poistenie poľnohospodárskych rizík. Zánik monopolného postavenia Českej a Slovenskej štátnej poisťovne v roku 1991.

Uložené v:
Podrobná bibliografia
Hlavný autor: Bibzová, Ivana
Médium: Kapitola
Jazyk:Czech
Predmet:
Tagy: Pridať tag
Žiadne tagy, Buďte prvý, kto otaguje tento záznam!

MARC

LEADER 00000nla$a2200000$$$4500
001 0039479
005 20231121080831.4
041 0 |a cze 
044 |a SK 
245 1 0 |a Vývoj zemědělského pojištění v ČR a SR do roku 1993  |c Ivana Bibzová 
520 |a Historický pohľad na poisťovníctvo ako organizovanú ekonomickú činnosť. Poisťovanie hospodárskych zvierat v Česku. Dobrovoľné poistenie poľnohospodárskych rizík. Zánik monopolného postavenia Českej a Slovenskej štátnej poisťovne v roku 1991. 
610 2 0 |a poisťovníctvo 
610 2 0 |a história 
610 2 0 |a Česko 
610 2 0 |a Slovensko 
610 2 0 |a poistenie rizikové 
610 2 0 |a poistenie poľnohospodárske 
100 1 |a Bibzová, Ivana